[Event "II. UKSE Tournament C"]
[Site "Budapest"]
[Date "2011.06.24"]
[Round "7"]
[White "Csorba, Rudolf"]
[Black "Balla, Attila"]
[Result "1-0"]
[WhiteElo "1674"]
[BlackElo "1722"]
[PlyCount "95"]
[EventDate "2011.06.18"]
[EventType "tourn"]
[EventRounds "9"]
[EventCountry "HUN"]
[Source "Nadasi, Balazs"]
[SourceDate "2011.06.20"]

1. e4 e5 2. Nf3 Nc6 3. c3 Nf6 4. d3 d5 5. exd5 Qxd5 6. Be2 Bg4 7. c4 Qa5+ 8.
Nc3 Bb4 9. Bd2 O-O-O 10. a3 Bxf3 11. Bxf3 Rxd3 12. Bxc6 bxc6 13. axb4 Qxb4 14.
Rxa7 Kd7 15. b3 Rd8 16. Ra4 Qd6 17. Ra2 Ke8 18. Nb1 Ne4 19. O-O Nxd2 20. Nxd2
Rxd2 21. Rxd2 Qxd2 22. Qh5 Qc3 23. Qxh7 Qxb3 24. Qxg7 Qc3 25. h3 Rd6 26. Rb1
Rg6 27. Qh8+ Kd7 28. Qh5 Qc2 29. Rd1+ Ke6 30. Re1 Qc3 31. Qe2 f6 32. Qe4 Rg5
33. Qxc6+ Kf5 34. g4+ Kg6 35. Qe8+ Kg7 36. Rd1 Kh6 37. Qf7 Rg6 38. Kg2 Qc2 39.
Qd5 f5 40. Qd2+ Qxd2 41. Rxd2 fxg4 42. h4 Kh5 43. Kg3 Rb6 44. Rd5 Re6 45. c5 c6
46. Rd6 Rg6 47. Rxg6 Kxg6 48. Kxg4 1-0

[Event "II. UKSE Tournament C"]
[Site "?"]
[Date "2011.06.25"]
[Round "8"]
[White "Czegledi, Barna Jr"]
[Black "Zahonyi-Abel, Mark"]
[Result "1/2-1/2"]
[WhiteElo "1774"]
[BlackElo "1754"]
[PlyCount "61"]
[EventDate "2011.??.??"]

1. d4 Nf6 2. Nf3 e6 3. c4 b6 4. e3 Bb7 5. Bd3 Be7 6. O-O O-O 7. Nbd2 d5 8. b3
dxc4 9. bxc4 c5 10. Bb2 Nc6 11. Rc1 Rc8 12. Qe2 Rc7 13. Rfd1 Rd7 14. Nb3 cxd4
15. exd4 Qa8 16. Ne5 Rdd8 17. Nxc6 Bxc6 18. d5 Bb7 19. f4 Qc8 20. f5 Bc5+ 21.
Kh1 exd5 22. Nxc5 bxc5 23. Bxf6 gxf6 24. cxd5 Rxd5 25. Rc4 Kh8 26. Rh4 Rg8 27.
Qe7 Qc6 28. Qxf7 Rg7 29. Qf8+ Rg8 30. Qf7 Rg7 31. Qf8+ 1/2-1/2

[Event "II. UKSE Tournament C"]
[Site "?"]
[Date "2011.06.25"]
[Round "8"]
[White "Karacsonyi, Gellert"]
[Black "Csorba, Rudolf"]
[Result "1-0"]
[WhiteElo "1276"]
[BlackElo "1674"]
[PlyCount "113"]
[EventDate "2011.??.??"]

1. e4 e6 2. d4 d5 3. e5 Ne7 4. Nf3 Nf5 5. Nc3 Be7 6. Bd3 g6 7. O-O b6 8. Be3
Ba6 9. Bxa6 Nxa6 10. Qd3 Nb8 11. Rae1 Nd7 12. Qb5 O-O 13. Qc6 a6 14. a4 Ra7 15.
Na2 a5 16. c3 Nb8 17. Qb5 Nxe3 18. fxe3 c6 19. Qd3 Nd7 20. e4 f5 21. exd5 cxd5
22. c4 Qa8 23. cxd5 Qxd5 24. Nc3 Qb7 25. Nb5 Raa8 26. Qc4 Qd5 27. Qxd5 exd5 28.
Nc7 Bb4 29. Re2 Ra7 30. Nxd5 Kg7 31. Ng5 Re8 32. Nf6 Nxf6 33. exf6+ Kf8 34.
Rxe8+ Kxe8 35. Rc1 h6 36. Rc8+ Kd7 37. Rh8 Kd6 38. f7 Kc6 39. Ne6 Kd5 40. f8=Q
Bxf8 41. Nxf8 Kxd4 42. Nxg6 Ke3 43. Rxh6 Rc7 44. Rh3+ Ke4 45. Rb3 Rc4 46. Rxb6
Rxa4 47. Rf6 Rb4 48. g4 Rxb2 49. Rxf5 Ra2 50. h4 a4 51. h5 a3 52. h6 Rb2 53. h7
a2 54. Rf1 Rb1 55. h8=Q a1=Q 56. Qxa1 Rxa1 57. Rxa1 1-0

[Event "II. UKSE Tournament C"]
[Site "?"]
[Date "2011.06.26"]
[Round "9"]
[White "Balla, Attila"]
[Black "Karacsonyi, Gellert"]
[Result "0-1"]
[WhiteElo "1722"]
[BlackElo "1276"]
[PlyCount "88"]
[EventDate "2011.??.??"]

1. e4 e5 2. Nf3 Nc6 3. Bc4 Bc5 4. c3 Nf6 5. d4 exd4 6. cxd4 Bb4+ 7. Nc3 O-O 8.
Bg5 Re8 9. e5 d6 10. O-O dxe5 11. dxe5 Qxd1 12. Raxd1 Bxc3 13. bxc3 Ne4 14.
Rfe1 Nxg5 15. Nxg5 Be6 16. Nxe6 fxe6 17. Rd7 Rac8 18. a3 Kh8 19. Red1 Nxe5 20.
R7d4 g6 21. Bb3 Nc6 22. Ba4 Nxd4 23. Bxe8 Ne2+ 24. Kf1 Nxc3 25. Bd7 Rd8 26. Rd3
Ne4 27. Bb5 Rf8 28. f3 Nd6 29. Bd7 e5 30. Ke2 Rf7 31. Be6 Rf4 32. Ke1 e4 33.
Rd4 Rf6 34. Bd5 exf3 35. Bxf3 Re6+ 36. Kf2 c5 37. Rf4 c4 38. Bd5 c3 39. Rf3 Re5
40. Bb3 Rc5 41. Bc2 Nb5 42. Ke3 Nxa3 43. Kd4 Rc7 44. Rxc3 Nb5+ 0-1